Catálogo

PSICOTERAPIA CENTRADA EN EL CLIENTE : (Registro nro. 3616)

Detalles MARC
000 -LEADER
fixed length control field 00514nam a2200181 a 4500
001 - CONTROL NUMBER
control field 3616
005 - DATE AND TIME OF LATEST TRANSACTION
control field 20180713183533.0
008 - FIXED-LENGTH DATA ELEMENTS--GENERAL INFORMATION
fixed length control field 140415s1988 000 0 spa d
041 ## - LANGUAGE CODE
Language code of text/sound track or separate title spa
082 ## - DEWEY DECIMAL CLASSIFICATION NUMBER
Classification number 616.8914
Item number ROG
100 1# - MAIN ENTRY--PERSONAL NAME
Personal name ROGERS, CARL R.
245 10 - TITLE STATEMENT
Title PSICOTERAPIA CENTRADA EN EL CLIENTE :
Remainder of title PRACTICA, IMPLICACIONES Y TEORIA
260 ## - PUBLICATION, DISTRIBUTION, ETC.
Place of publication, distribution, etc. [s.l.] :
Name of publisher, distributor, etc. PAIDOS,
Date of publication, distribution, etc. 1988
300 ## - PHYSICAL DESCRIPTION
Extent 459
490 ## - SERIES STATEMENT
Series statement SERIE MAYOR
Volume/sequential designation 28
650 14 - SUBJECT ADDED ENTRY--TOPICAL TERM
Topical term or geographic name entry element PSICOTERAPIA
General subdivision PSIQUIATRIA
700 1# - ADDED ENTRY--PERSONAL NAME
Personal name TUBERT, SILVIA
Relator term tr.
Existencias
Withdrawn status Lost status Source of classification or shelving scheme Damaged status Not for loan Collection code Home library Current library Shelving location Date acquired Source of acquisition Inventory number Total Checkouts Total Renewals Full call number Barcode Date last seen Date last checked out Price effective from Koha item type
    Dewey Decimal Classification     General Biblioteca Karol Wojtyla Biblioteca Karol Wojtyla Sala general 03/12/2013 Compra 151000000000000000008326 2 1 616.8914 ROG 14838 05/01/2026 30/10/2024 03/12/2013 Libro
  Extraviado Dewey Decimal Classification       Biblioteca Karol Wojtyla Biblioteca Karol Wojtyla   03/12/2013 Compra       616.8914 ROG 20933     03/12/2013 Libro
  Extraviado Dewey Decimal Classification       Biblioteca Karol Wojtyla Biblioteca Karol Wojtyla   03/12/2013 Compra       616.8914 ROG 15273     03/12/2013 Libro